| 000 | 00551nam a2200181Ia 4500 | ||
|---|---|---|---|
| 005 | 20250326140458.0 | ||
| 008 | 250326s9999 xx 000 0 und d | ||
| 037 | _aTextbook | ||
| 040 |
_aFMSL _beng _cFMSL |
||
| 041 |
_aeng _2eng |
||
| 084 |
_aX.1 M7 _qFMSL |
||
| 100 |
_aAggarwal Mangat R _9742460 |
||
| 245 | 0 |
_aNew international economic order :Interdependence and southern development _cAggarwal Mangat R |
|
| 260 |
_aNew Delhi _bNew Delhi, Sterling _c1987 |
||
| 300 | _axii,204 | ||
| 942 |
_cTB _hX.1 M7 |
||
| 999 |
_c1286004 _d1286004 |
||